[Event "Ch. Provence 2006"]
[Site "2006"]
[Date "2006.03.18"]
[Round "6"]
[White "Jean, Claude"]
[Black "Chauvet, Jean-Marc"]
[Result "1-0"]
[WhiteElo "2202"]
[BlackElo "1958"]
[PlyCount "85"]
[EventDate "2006.??.??"]

1. d4 e6 2. c4 Nf6 3. Nf3 b6 4. Nc3 Bb7 5. e3 Ne4 6. Bd3 Nxc3 7. bxc3 Be7 8. e4
d6 9. O-O Nd7 10. Nd2 O-O 11. f4 f5 12. Qe2 Rf6 13. exf5 exf5 14. Re1 Bf8 15.
Nf3 Bxf3 16. Qxf3 g6 17. Be3 Rc8 18. Bf2 Rf7 19. c5 Nf6 20. c6 Re7 21. Bh4 Qe8
22. Rxe7 Bxe7 23. Re1 Qf8 24. Qe2 Ne4 25. Bxe7 Qxe7 26. Bxe4 fxe4 27. Qxe4 Qxe4
28. Rxe4 Kf7 29. d5 Rf8 30. Kf2 Kf6 31. Ke3 Rf7 32. Re6+ Kg7 33. g4 Kf8 34. Ke4
Kg7 35. Re8 h6 36. Re6 Kh7 37. c4 Kg7 38. f5 gxf5+ 39. gxf5 Kh7 40. Kf4 Kg7 41.
h4 Kh7 42. h5 Kg7 43. Rg6+ 1-0

[Event "Ch. Provence 2006"]
[Site "2006"]
[Date "2006.03.18"]
[Round "6"]
[White "Metras, Dominique"]
[Black "Zejneli, Skender"]
[Result "1-0"]
[WhiteElo "2079"]
[BlackElo "2070"]
[PlyCount "49"]

1. c4 e6 2. g3 Nf6 3. Bg2 Nc6 4. Nc3 Be7 5. e4 d6 6. d4 e5 7. Nge2 exd4 8. Nxd4
Bd7 9. O-O O-O 10. Nf5 g6 11. Nxe7+ Qxe7 12. Bg5 Be6 13. b3 Kg7 14. Qd2 Rh8 15.
Bh6+ Kg8 16. Nd5 Bxd5 17. exd5 Ne5 18. Rae1 Qd8 19. h3 Qc8 20. f4 Ned7 21. Qd4
b5 22. Re7 Qb7 23. Kh2 Qb6 24. Qc3 b4 25. Qb2 1-0

[Event "Ch. Provence 2006"]
[Site "2006"]
[Date "2006.04.08"]
[Round "7"]
[White "Jean, Olivier"]
[Black "Busson, Benoist"]
[Result "1-0"]
[WhiteElo "2190"]
[BlackElo "2089"]
[PlyCount "25"]
[EventDate "2006.??.??"]

1. d4 d5 2. Nf3 e6 3. c4 dxc4 4. e3 Nf6 5. Bxc4 c5 6. O-O cxd4 7. exd4 Be7 8.
Qe2 O-O 9. Rd1 b6 10. Nc3 Bb7 11. Bg5 Nd5 12. Bxd5 Bxd5 13. Bxe7 1-0

[Event "Ch. Provence 2006"]
[Site "?"]
[Date "2006.04.08"]
[Round "7"]
[White "Tonnaire, Christophe"]
[Black "Jean, Claude"]
[Result "1-0"]
[WhiteElo "2031"]
[BlackElo "2202"]
[PlyCount "77"]
[EventDate "2006.??.??"]

1. e4 e5 2. f4 exf4 3. Bc4 d5 4. Bxd5 Nf6 5. Nc3 Nxd5 6. Nxd5 Bd6 7. d4 Qh4+ 8.
Kf1 c6 9. Nf3 Qh6 10. Nc3 g5 11. e5 Be7 12. Kf2 Bf5 13. g3 Qg6 14. gxf4 g4 15.
Nd2 Rg8 16. Rg1 Nd7 17. Qe2 O-O-O 18. Nde4 Nb6 19. Rd1 g3+ 20. hxg3 Bg4 21. Qd3
Bxd1 22. Nxd1 h5 23. Ne3 h4 24. g4 h3 25. Nf5 Nd5 26. Qxh3 Rh8 27. Qg2 Bh4+ 28.
Kf3 Kb8 29. c4 Ne7 30. Nfd6 Nc8 31. f5 Qg8 32. Bf4 Be7 33. Nxf7 Rxd4 34. Nxh8
Qxc4 35. e6+ Ka8 36. Re1 Bc5 37. Be5 Rd3+ 38. Kf4 Ne7 39. Nf7 1-0

[Event "Ch. Provence 2006"]
[Site "2006"]
[Date "2006.04.08"]
[Round "7"]
[White "Zejneli, Skender"]
[Black "Rosso, Marco"]
[Result "0-1"]
[WhiteElo "2070"]
[BlackElo "1949"]
[PlyCount "82"]
[EventDate "2006.??.??"]

1. d4 Nf6 2. c4 g6 3. Nc3 d5 4. Nf3 c6 5. e3 Bg7 6. Qc2 Nbd7 7. b4 b6 8. c5
bxc5 9. bxc5 O-O 10. Qa4 Qc7 11. Be2 Ne4 12. Nxe4 dxe4 13. Nd2 Nxc5 14. Qc2
Nd3+ 15. Bxd3 exd3 16. Qxd3 Qa5 17. Qa3 Qg5 18. g3 Qd5 19. f3 c5 20. Qb3 Qh5
21. Bb2 cxd4 22. Bxd4 Bxd4 23. exd4 Qa5 24. Qb2 Ba6 25. Kf2 Rab8 26. Nb3 Qd5
27. Rhe1 Bb7 28. Qe2 Rfc8 29. Rac1 e6 30. Qe3 a5 31. Re2 Rxc1 32. Nxc1 Ba6 33.
Rc2 Qb5 34. Qe2 Qh5 35. Qe5 Qxh2+ 36. Ke3 Qg1+ 37. Kf4 Rd8 38. Ne2 Bxe2 39.
Rxe2 Rxd4+ 40. Re4 Qc1+ 41. Kg4 h5+ 0-1

[Event "Ch. Provence 2006"]
[Site "?"]
[Date "2006.04.08"]
[Round "7"]
[White "Chauvet, Jean-Marc"]
[Black "Deleau, Denis"]
[Result "1/2-1/2"]
[WhiteElo "1964"]
[BlackElo "2123"]
[PlyCount "97"]
[EventDate "2006.??.??"]

{4096kB, General.ctg. PentiumII} 1. e4 e5 2. Nf3 Nc6 3. Bb5 a6 4. Ba4 Nf6 5.
O-O b5 6. Bb3 Bc5 7. c3 d6 8. h3 Bb7 9. d4 Bb6 10. Re1 Qe7 11. Bd5 O-O-O 12. a4
Nxd5 13. exd5 Nb8 14. dxe5 dxe5 15. Nxe5 Rxd5 16. Qg4+ Nd7 17. Nf3 f5 18. Qf4
Qf6 19. Be3 Nc5 20. Bxc5 Bxc5 21. axb5 axb5 22. Na3 Qb6 23. Re2 Rhd8 24. Nc2
Rd1+ 25. Rxd1 Rxd1+ 26. Nce1 Be4 27. Rd2 Bxf3 28. Qxf5+ Kb8 29. Rxd1 Bxd1 30.
Nd3 Bd6 31. Qxh7 Bc2 32. Qg8+ Kb7 33. Ne1 Be4 34. Qxg7 Qc5 35. Qg4 Qe5 36. Nf3
Qd5 37. Nd4 Be5 38. Nxb5 Bf5 39. Qa4 Kc8 40. Nd4 Bd7 41. Qb3 Qa5 42. Qg8+ Kb7
43. Nb3 Qb5 44. c4 Qxb3 45. Qd5+ Bc6 46. Qxe5 Qxc4 47. f3 Kb6 48. Kh2 Qc2 49.
h4 1/2-1/2

[Event "Ch. Provence 2006"]
[Site "2006"]
[Date "2006.05.11"]
[Round "7"]
[White "Ferrero, Patrick"]
[Black "Metras, Dominique"]
[Result "0-1"]
[WhiteElo "2031"]
[BlackElo "2079"]
[PlyCount "60"]
[EventDate "2006.??.??"]

1. d4 d5 2. Nf3 Nf6 3. Bf4 e6 4. c4 Bd6 5. Ne5 Nh5 6. e3 Nxf4 7. exf4 c6 8. Bd3
dxc4 9. Bxc4 Qf6 10. Qg4 Nd7 11. Nd2 Nb6 12. Ne4 Bb4+ 13. Kf1 Qh6 14. a3 Be7
15. Nd2 Nxc4 16. Ndxc4 O-O 17. Rd1 Rd8 18. Rd3 Qh4 19. Qxh4 Bxh4 20. g4 Be7 21.
Ke2 f6 22. Nf3 b6 23. Rc1 Ba6 24. Kd2 Rd7 25. Re3 Kf7 26. Nfe5+ fxe5 27. Nxe5+
Ke8 28. Nxd7 Kxd7 29. Rce1 Bc4 30. f5 Bg5 0-1

[Event "Ch. Provence 2006"]
[Site "2006"]
[Date "2006.05.13"]
[Round "8"]
[White "Metras, Dominique"]
[Black "Rosso, Marco"]
[Result "1-0"]
[WhiteElo "2079"]
[BlackElo "1949"]
[PlyCount "77"]
[EventDate "2006.??.??"]

1. c4 b6 2. d4 Nf6 3. Nc3 e6 4. e4 Bb7 5. e5 Ne4 6. Nxe4 Bxe4 7. a3 a5 8. Ne2
Bb7 9. Nc3 d5 10. cxd5 Bxd5 11. Nxd5 Qxd5 12. Be2 Qd7 13. Bf3 Ra7 14. O-O Be7
15. Be3 O-O 16. Qc2 Rd8 17. Rfd1 Qe8 18. Rac1 Nd7 19. Bc6 Qf8 20. Qb3 Kh8 21.
Rc3 Qg8 22. Rdc1 f6 23. Qb5 Nb8 24. Bf3 Rd7 25. g3 fxe5 26. dxe5 Bd8 27. Qc4 c5
28. Bg4 Rd5 29. f4 Qf7 30. Bf3 Rdd7 31. Bg4 Rd5 32. Rd3 Rad7 33. Rcd1 Nc6 34.
Kg2 Ne7 35. Bf3 Nf5 36. Bxd5 exd5 37. Qb5 Nxe3+ 38. Rxe3 d4 39. e6 1-0

[Event "Ch. Provence 2006"]
[Site "2006"]
[Date "2006.05.13"]
[Round "8"]
[White "Jean, Claude"]
[Black "Jean, Olivier"]
[Result "1/2-1/2"]
[WhiteElo "2202"]
[BlackElo "2190"]
[PlyCount "84"]
[EventDate "2006.??.??"]

1. e4 c5 2. Nf3 e6 3. d4 cxd4 4. Nxd4 a6 5. Bd3 Bc5 6. Nb3 Be7 7. O-O d6 8. c4
Nf6 9. Nc3 Qc7 10. f4 Nbd7 11. Be3 b6 12. Qf3 Bb7 13. Qg3 g6 14. Rae1 h5 15. e5
h4 16. Qh3 dxe5 17. fxe5 Nxe5 18. Bf4 Bd6 19. Bxg6 Nxg6 20. Bxd6 Qxd6 21. Rxf6
Ke7 22. Qf5 Raf8 23. Qf2 Ne5 24. Ne4 Bxe4 25. Rxe4 Ng4 26. Rxg4 Qd1+ 27. Qf1
Qxg4 28. Rf4 Qg6 29. Nd4 h3 30. g3 Rc8 31. Nf3 f5 32. Nh4 Qg5 33. Qe2 Kf7 34.
Nf3 Qf6 35. Ne5+ Kg7 36. Ng4 Qg6 37. Qe5+ Kf7 38. Qe3 Ke7 39. Ne5 Qf6 40. Ng4
Qxb2 41. Rf2 Qa1+ 42. Rf1 Qg7 1/2-1/2

[Event "Ch. Provence 2006"]
[Site "2006"]
[Date "2006.05.13"]
[Round "8"]
[White "Busson, Benoist"]
[Black "Zejneli, Skender"]
[Result "1/2-1/2"]
[WhiteElo "2089"]
[BlackElo "2070"]
[PlyCount "55"]
[EventDate "2006.??.??"]

1. d4 d5 2. e4 e6 3. Nc3 Nf6 4. e5 Nfd7 5. Qh5 a6 6. Bg5 Be7 7. h4 c5 8. Nf3
cxd4 9. Nxd4 g6 10. Bxe7 Qxe7 11. Qh6 Nc6 12. Nxc6 bxc6 13. Qg7 Qf8 14. Qxf8+
Kxf8 15. f4 Bb7 16. Be2 Ke7 17. O-O c5 18. Bf3 Rab8 19. b3 h5 20. Na4 Rhd8 21.
Rfd1 a5 22. Nc3 Bc6 23. a4 Rb6 24. Be2 Nb8 25. Nb5 Na6 26. Nd6 Nc7 27. Kf2 f5
28. g3 1/2-1/2

[Event "Ch. Provence 2006"]
[Site "?"]
[Date "2006.05.13"]
[Round "8"]
[White "Ferrero, Patrick"]
[Black "Chauvet, Jean-Marc"]
[Result "1/2-1/2"]
[WhiteElo "2036"]
[BlackElo "1959"]
[PlyCount "55"]
[EventDate "2006.??.??"]

1. d4 e6 2. Nf3 Nf6 3. Bg5 b6 4. e4 h6 5. Bxf6 Qxf6 6. Nbd2 c5 7. e5 Qd8 8. Ne4
Qc7 9. dxc5 Bxc5 10. Nd6+ Bxd6 11. Qxd6 Qxd6 12. exd6 Bb7 13. Ne5 Nc6 14. f4
Rc8 15. Bd3 Nb4 16. Kd2 Nxd3 17. Kxd3 O-O 18. Rhg1 f6 19. Ng6 Rfe8 20. Ne7+
Rxe7 21. dxe7 Kf7 22. g4 f5 23. gxf5 exf5 24. c3 Re8 25. Rae1 Be4+ 26. Rxe4
fxe4+ 27. Kxe4 Rxe7+ 28. Kd3 1/2-1/2

[Event "Ch. Provence 2006"]
[Site "2006"]
[Date "2006.05.13"]
[Round "8"]
[White "Deleau, Denis"]
[Black "Tonnaire, Christophe"]
[Result "1-0"]
[WhiteElo "2124"]
[BlackElo "2031"]
[PlyCount "147"]
[EventDate "2005.??.??"]

1. e4 d5 2. exd5 Qxd5 3. Nc3 Qa5 4. d4 Nf6 5. Bd2 Bg4 6. Nf3 Nbd7 7. h3 Bf5 8.
b4 Qb6 9. Bc4 e6 10. Qe2 Be7 11. g4 Bg6 12. g5 Nh5 13. d5 O-O-O 14. Rb1 c6 15.
Be3 Qc7 16. dxc6 bxc6 17. Ba6+ Kb8 18. Nd4 Nb6 19. b5 Rxd4 20. Bxd4 c5 21. Be5
Bd6 22. Bxd6 Qxd6 23. O-O Nf4 24. Qf3 Qc7 25. Rfe1 h6 26. gxh6 Rxh6 27. Rbd1
Rh8 28. h4 Bh5 29. Qg3 Bxd1 30. Rxd1 g6 31. a4 Nxa4 32. Rd7 Nxc3 33. Rxc7 Nce2+
34. Kh2 Nxg3 35. Rb7+ Ka8 36. fxg3 Nd5 37. Rxf7 g5 38. Kg1 gxh4 39. gxh4 Kb8
40. Rb7+ Ka8 41. Rg7 Kb8 42. Rb7+ Ka8 43. c4 Nb6 44. Re7 Kb8 45. Rb7+ Ka8 46.
Rg7 Kb8 47. Rg4 Kc7 48. Kg2 Kd6 49. Kg3 Ke5 50. Bb7 Rd8 51. Bf3 Kf5 52. Rg5+
Kf6 53. Rxc5 e5 54. Rc7 Rd3 55. Kf2 Ra3 56. Rc6+ Kf5 57. h5 e4 58. Be2 Rh3 59.
Rc7 Rh2+ 60. Ke3 Rh3+ 61. Kd2 e3+ 62. Kd3 Na4 63. Rf7+ Ke5 64. Re7+ Kf4 65.
Re4+ Kg5 66. Rxe3 Nc5+ 67. Kd2 Nb3+ 68. Rxb3 Rxb3 69. c5 Rb2+ 70. Ke3 Kf5 71.
c6 Ke5 72. h6 Rb4 73. h7 Rh4 74. c7 1-0

[Event "Ch. Provence 2006"]
[Site "2006"]
[Date "2006.06.03"]
[Round "9"]
[White "Rosso, Marco"]
[Black "Busson, Benoist"]
[Result "1-0"]
[WhiteElo "1949"]
[BlackElo "2089"]
[PlyCount "53"]
[EventDate "2006.??.??"]

1. d4 d5 2. c4 e5 3. dxe5 d4 4. Nf3 Nc6 5. g3 Be6 6. Nbd2 Be7 7. Bg2 Qd7 8. a3
Bh3 9. Bxh3 Qxh3 10. b4 Qe6 11. Qa4 O-O-O 12. O-O h5 13. b5 Nxe5 14. Qxa7 h4
15. Qa8+ Kd7 16. Qxb7 Nxf3+ 17. Nxf3 hxg3 18. fxg3 Bc5 19. Qc6+ Qxc6 20. bxc6+
Kxc6 21. Ne5+ Kb6 22. Rb1+ Ka6 23. Nd3 Ba7 24. Rxf7 Nh6 25. Rxc7 Rb8 26. Rc6+
Rb6 27. Nc5+ 1-0

[Event "Ch. Provence 2006"]
[Site "2006"]
[Date "2006.06.03"]
[Round "9"]
[White "Tonnaire, Christophe"]
[Black "Ferrero, Patrick"]
[Result "1-0"]
[WhiteElo "2042"]
[BlackElo "2031"]
[PlyCount "61"]
[EventDate "2006.??.??"]

1. e4 c5 2. Nf3 Nc6 3. d4 cxd4 4. Nxd4 e5 5. Nb5 a6 6. Nd6+ Bxd6 7. Qxd6 Qf6 8.
Qa3 Qg6 9. Be3 Qxe4 10. Nc3 Qb4 11. Qxb4 Nxb4 12. O-O-O Nf6 13. Bc5 Nc6 14. a4
b5 15. axb5 axb5 16. Kb1 Ba6 17. Bxb5 Bb7 18. f3 O-O-O 19. Bc4 d5 20. Nxd5 Nxd5
21. Rxd5 Rhe8 22. Rhd1 f6 23. Rxd8+ Rxd8 24. Rxd8+ Nxd8 25. Bg8 e4 26. Bxh7
exf3 27. gxf3 Bxf3 28. Bf8 Ne6 29. Bf5 Kd7 30. Bxg7 Kd6 31. Bxf6 1-0

[Event "Ch. Provence 2006"]
[Site "2006"]
[Date "2006.06.03"]
[Round "9"]
[White "Zejneli, Skender"]
[Black "Jean, Claude"]
[Result "1/2-1/2"]
[WhiteElo "2070"]
[BlackElo "2202"]
[PlyCount "66"]
[EventDate "2006.??.??"]

1. d4 d5 2. c4 c6 3. e3 Nf6 4. Nc3 e6 5. Nf3 Nbd7 6. Bd3 Bd6 7. O-O O-O 8. Bd2
e5 9. dxe5 Nxe5 10. Nxe5 Bxe5 11. cxd5 cxd5 12. h3 b6 13. Rb1 Bb7 14. Be2 Re8
15. Bf3 Ne4 16. Nxe4 dxe4 17. Be2 Rc8 18. Bb4 Qc7 19. Bg4 Rcd8 20. Qc1 Ba6 21.
Qxc7 Bxc7 22. Rfc1 Bd3 23. Ra1 Bb8 24. Bc3 g6 25. Bd4 h5 26. Bd1 Rc8 27. Bb3
Bd6 28. a3 Kf8 29. a4 Bb4 30. Bd5 Bd2 31. Rd1 Bb4 32. Rdc1 Bd2 33. Rd1 Bb4
1/2-1/2

[Event "Ch. Provence 2006"]
[Site "2006"]
[Date "2006.06.03"]
[Round "9"]
[White "Jean, Olivier"]
[Black "Deleau, Denis"]
[Result "1-0"]
[WhiteElo "2190"]
[BlackElo "2124"]
[PlyCount "77"]
[EventDate "2006.??.??"]

1. d4 g6 2. c4 Bg7 3. e4 d6 4. Nc3 Nc6 5. d5 Nd4 6. Be3 c5 7. Nge2 Qb6 8. Na4
Qa5+ 9. Bd2 Qa6 10. Nxd4 Bxd4 11. Bd3 Bd7 12. Nc3 Bg7 13. O-O Nf6 14. h3 O-O
15. f4 e6 16. Qc2 exd5 17. exd5 Qb6 18. a4 a6 19. a5 Qd8 20. Ne2 b5 21. b3 b4
22. Ra2 Nh5 23. Kh2 Qh4 24. Be1 Qe7 25. g4 Nf6 26. Ng3 Bxg4 27. hxg4 Nxg4+ 28.
Kh3 Ne3 29. Qe2 Rae8 30. Rg1 Qd7+ 31. f5 Nxf5 32. Qg4 Re3 33. Bxf5 gxf5 34. Qg5
Kh8 35. Kh2 f4 36. Qxf4 Bd4 37. Bf2 Rxb3 38. Bxd4+ cxd4 39. Qf6+ 1-0